000 00734nam a2200253 a 4500
001 40853
003 (BD-RJUL)
005 20211209053303.0
008 160511s1955 000 0 eng u
035 _aBD-RjUL40968
040 _aAKR
_beng
_cBD-RjUL
041 _aeng
082 _223
_a321.8
_bLIE 1955
100 1 _aLippmann, Walter,
_d1889-1974.
_9125725
245 1 0 _aEssays in the Public Philosophy /
_cby Walter Lippmann
260 _aNew York :
_bNew American Library,
_c1955
300 _axiii, 189 p. ;
_c21 cm.
490 0 _aMentor book ;
_vMT 718
500 _a"Authorized reprint."
650 0 _aDemocracy
_9125726
650 0 _aPolitical science
_9125727
740 0 _aThe public philosophy
942 _2ddc
_cBK
999 _c40853
_d40853